5HLuxD.jpg

KING HENRY VIII SENIOR AND PRIMARY SCHOOL LIBRARY OPAC

Pride and prejudice and zombies : (Record no. 3689)

000 -LEADER
fixed length control field 01416cam a2200337 a 4500
001 - CONTROL NUMBER
control field 01584911
003 - CONTROL NUMBER IDENTIFIER
control field OSt
005 - DATE AND TIME OF LATEST TRANSACTION
control field 20240807111711.0
008 - FIXED-LENGTH DATA ELEMENTS--GENERAL INFORMATION
fixed length control field 091109s2010 paua 000 1 eng d
010 ## - LIBRARY OF CONGRESS CONTROL NUMBER
LC control number 2009943659
015 ## - NATIONAL BIBLIOGRAPHY NUMBER
National bibliography number GBA9C3309
Source bnb
020 ## - INTERNATIONAL STANDARD BOOK NUMBER
International Standard Book Number 9781594744549 (pbk.)
035 ## - SYSTEM CONTROL NUMBER
System control number (OCoLC)472315064
035 ## - SYSTEM CONTROL NUMBER
System control number (OCoLC)ocn472315064
035 ## - SYSTEM CONTROL NUMBER
System control number 3696986
040 ## - CATALOGING SOURCE
Original cataloging agency TOH
Transcribing agency TOH
Modifying agency UKM
-- YDXCP
-- UPZ
-- OCO
-- LF3
-- KH8
042 ## - AUTHENTICATION CODE
Authentication code nbic
082 ## - DEWEY DECIMAL CLASSIFICATION NUMBER
Classification number FIC HOC
100 1# - MAIN ENTRY--PERSONAL NAME
Personal name Hockensmith, Steve,
Relator term author.
245 10 - TITLE STATEMENT
Title Pride and prejudice and zombies :
Remainder of title dawn of the dreadfuls /
Statement of responsibility, etc. by Steve Hockensmith ; illustrations by Patrick Arrasmith.
246 30 - VARYING FORM OF TITLE
Title proper/short title Dawn of the dreadfuls.
260 ## - PUBLICATION, DISTRIBUTION, ETC.
Place of publication, distribution, etc. Philadelphia :
Name of publisher, distributor, etc. Quirk Books ;
Place of publication, distribution, etc. San Francisco, CA :
Name of publisher, distributor, etc. Distributed in North America by Chronicle Books,
Date of publication, distribution, etc. c2010.
300 ## - PHYSICAL DESCRIPTION
Extent 287 p. :
Other physical details ill. ;
Dimensions 21 cm.
490 1# - SERIES STATEMENT
Series statement Quirk classics.
520 ## - SUMMARY, ETC.
Summary, etc. When a funeral at the local parish goes strangely and horribly awry and corpses suddenly spring from the soft earth, only one person can stop them. As the bodies pile up, Elizabeth Bennet evolves from a naive young teenager into a savage slayer of the undead in this prequel to "Pride and Prejudice and Zombies."
650 #0 - SUBJECT ADDED ENTRY--TOPICAL TERM
Topical term or geographic name entry element Bennet, Elizabeth (Fictitious character)
Form subdivision Fiction.
650 #0 - SUBJECT ADDED ENTRY--TOPICAL TERM
Topical term or geographic name entry element Zombies
Form subdivision Fiction.
700 1# - ADDED ENTRY--PERSONAL NAME
Personal name Arrasmith, Patrick,
Relator term illustrator.
830 #0 - SERIES ADDED ENTRY--UNIFORM TITLE
Uniform title Quirk classics.
942 ## - ADDED ENTRY ELEMENTS (KOHA)
Source of classification or shelving scheme
Koha item type Books - Fiction
Holdings
Withdrawn status Lost status Source of classification or shelving scheme Damaged status Not for loan Collection code Permanent Location Current Location Shelving location Date acquired Full call number Barcode Date last seen Price effective from Koha item type
          Fiction KH8 Senior School Library KH8 Senior School Library Fiction 2024-08-07 FIC HOC 3KHSL000102047 2024-08-07 2024-08-07 Books - Fiction

Powered By KH8 IT Dept